| 000 | 00518nam a2200169Ia 4500 | ||
|---|---|---|---|
| 008 | 230907s9999||||xx |||||||||||||| ||und|| | ||
| 082 |
_a621.31 _bALI |
||
| 100 |
_aAli Yousaf Kharal (00000206547) _9116498 |
||
| 245 | 0 | _aLoad forecasting of NUST using machine learning / | |
| 260 |
_aUSPCAS-E, NUST, _bIslamabad : _c2020 |
||
| 300 | _a49 p. | ||
| 520 | _aTH-198 | ||
| 650 | _aMS-EEP Thesis Ms Thesis | ||
| 700 |
_aDr. Kafait Ullah _9116991 |
||
| 700 |
_aCo-Supervisor : Dr Kashif Imran _9118053 |
||
| 942 |
_cTHE _2ddc |
||
| 999 |
_c601877 _d601877 |
||